00863nam a22002297a 450000500170000001000150001702000260003203500150005803700130007308200150008624500930010126000420019427000790023630000210031570000260033670000240036270000220038670000340040894200260044299900190046895201460048720231121155213.0 aENG-138277 c780.00a9789390818364 aEN- 121809 bDBAD/PUB a305.568b1 aDR.B.R.Ambedkar;History, Visions Identity and Relevance/cEdited by N Vadhasu ...[et.al] aNew DelhibBharti Publications c2022 bNew Delhia4819/24 2nd Floor, Mathur Lane Ansari Road, Darya Ganj,e110002 a170;pc22cm;(hb) a Thirumaran, D958935 a Kumar,Ajay 958936 aN,Vasudha 958937 aShringarpure, Ranjana 958938 2ddccENh305.568mDRB c198806d198806 001040708NFICaBNbBNd2023-10-17eDBAD/PUBg780.00l2m1o305.568 DRBpEN-121809r2024-02-13 00:00:00s2024-01-29v780.00w2023-10-17yEN